Statistiques concernant Dirigeants des pays les plus puissants du monde

Cliquez ici pour prendre le quiz!

Statistiques générales

  • Ce quiz a été pris 130 fois
  • Le résultat moyen est 7 sur 20

Statistiques - réponses

PaysFonction du dirigeantChef d'Etat (ou de gouvernement)% Correct
Etats-UnisPrésidentBarack Obama
87%
FrancePrésidentFrançois Hollande
83%
RussiePrésidentVladimir Poutine
81%
AllemagneChancelièreAngela Merkel
80%
CanadaPremier MinistreJustin Trudeau
63%
TurquiePrésidentRecep Tayyip Erdogan
58%
Royaume-UniPremière MinistreTheresa May
55%
ChinePrésidentXi Jinping
42%
JaponPremier MinistreShinzo Abe
36%
Union européennePrésident du Conseil/commission européen(ne)Donald Tusk / Jean-Claude Juncker
27%
Afrique du SudPrésidentJacob Zuma
23%
IndePremier MinistreNarendra Modi
19%
BrésilPrésidentMichel Temer
14%
Corée du SudPrésidentePark Geun-hye
13%
Arabie saouditeRoiSalmane Al-Saoud
12%
MexiquePrésidentEnrique Pena Nieto
9%
AustraliePremier MinistreMalcolm Turnbull
8%
ArgentinePrésidentMauricio Macri
7%
IndonésiePrésidentJoho Widodo
6%
ItaliePrésident du ConseilPaolo Gentiloni
6%

Distribution des résultats

Percentile par nombre de réponses

% des personnes avec chaque résultat

Votre développement - résultats

Vous n’avez pas pris ce quiz